Signals and systems (Record no. 198359)

MARC details
000 -LEADER
fixed length control field 00384nam a2200145Ia 4500
005 - DATE AND TIME OF LATEST TRANSACTION
control field 20250529115645.0
008 - FIXED-LENGTH DATA ELEMENTS--GENERAL INFORMATION
fixed length control field 231217s9999 xx 000 0 und d
020 ## - INTERNATIONAL STANDARD BOOK NUMBER
International Standard Book Number 9781888490060
082 ## - DEWEY DECIMAL CLASSIFICATION NUMBER
Classification number 621.38143 GAN;46
100 ## - MAIN ENTRY--PERSONAL NAME
Personal name Ganesh Rao, D. Satish, Tunga.
245 #0 - TITLE STATEMENT
Title Signals and systems
260 ## - PUBLICATION, DISTRIBUTION, ETC. (IMPRINT)
Date of publication, distribution, etc. 2003-04
Name of publisher, distributor, etc. Sanguine Technical Pub.
Place of publication, distribution, etc. Bangalore
300 ## - PHYSICAL DESCRIPTION
Extent 552
942 ## - ADDED ENTRY ELEMENTS (KOHA)
Koha item type Books
Holdings
Date last seen Total Checkouts Full call number Accession number Old discount Checked out Date checked out Price effective from Category Lost status Damaged status Department Withdrawn status Permanent Location Current Location Shelving location Entry date Grants Currency symbol Conversion rate Discount Discount type
02/04/2024 1 621.38143 GAN;46 91874   22/08/2022 02/04/2024 26/01/2024 Books     Central Library   Central Library Central Library Central Library 09/01/2018 DONATED RS 1   Rupees

© For any Suggestions or Query, please contact the library staff @ librarian@pes.edu or Phone: +9180 2672 1983/ 2108.